La población de Costa Rica según el Obispo Thiel

Presenta la evolución de los cálculos del Obispo Thiel acerca de la población total de Costa Rica durante los siglos XVIII y XIX. SM/EL

محفوظ في:
التفاصيل البيبلوغرافية
المؤلف الرئيسي: Pérez Brignoli, Héctor
التنسيق: نص
منشور في: San José :
الموضوعات:
الوسوم: إضافة وسم
لا توجد وسوم, كن أول من يضع وسما على هذه التسجيلة!

MARC

LEADER 00000 a a2200000 04500
001 12632
003
040
090 |a EXTRAVIADO  
100 |a Pérez Brignoli, Héctor  
245 |a La población de Costa Rica según el Obispo Thiel  
260 |a San José :  
300 |a 13 p.  
300 |b **no definido**  
520 |a Presenta la evolución de los cálculos del Obispo Thiel acerca de la población total de Costa Rica durante los siglos XVIII y XIX. SM/EL  
650 |a POBLACION  
650 |a CENSOS  
650 |a POBLACION  
650 |a TASA DE CRECIMIENTO  
650 |a GRUPOS ETNICOS  
999 |c 11535  |d 11535